NUTS 1 Statistical Regions of the Netherlands - Statistics

General Stats
  • This quiz has been taken 32 times
  • The average score is 4 of 4
Answer Stats
NUTS 1 % Correct
North Netherlands
100%
South Netherlands
100%
East Netherlands
91%
West Netherlands
91%
No matching quizzes found
Score Distribution
Percent of People with Each Score
Percentile by Number Answered
Your Score History
You have not taken this quiz